000 00728nam a2200157 a 4500
008 150519s2000 ||||||||||||||||| || u
050 _aGOV.ZAM(058)ER/2000
110 _aGovernment of the Republic of Zambia (GRZ)
245 1 0 _aRepublic of Zambia economic report 1999
_cMinistry of Finance and Economic Development
260 _aLusaka
_bMinistry of Finance and Economic Development
_c2000
300 _a107p.: ill.
350 _a0.00
650 0 _aECONOMIC DEVELOPMENT--ZAMBIA
710 _aGovernment of the Republic of Zambia. Ministry of Finance and National Planning
995 _FCBU-MAIN LIBRARY (Kitwe)
_I0.00
_M1
_UAVAILABLE
_WMay 19, 2015
_ZZambiana Collection
999 _c56273
_d56273